00609cam a22002057a 4500003000500000005001700005008004100022010001000063011001000073035001000083040000900093082001600102100002800118245005500146260003800201300002200239490005300261650003600314830005300350CHAP20220329134629.0971013s1975 r 00010 d a23279 a24251 a28350 cCHAP a519.232bC400aChatfield, Christopher.14aThe analysis of time seriesb: theory and practice aLondon :bChapman and Hall,c1975 a263 p.b; gráfs 0aMonographs on applied probability and statistics14aAnálisis de series de tiempo.0 aMonographs on applied probability and statistics